Quizzes
Events
Quiz Creation
Community
Videos
Private Events
Remove Ads
Sign In
Join for FREE
Feedback
Dark Mode
Quiz Categories
Sports
Geography
Music
Movies
Television
Just For Fun
Miscellaneous
History
Literature
Language
Science
Gaming
Entertainment
Religion
Holiday
For Kids
Quiz Lab
Recent
Popular Today
Quiz Kudos Today
Editor Picks
Curator Picks
Quizzes by...
Day
Popularity
Type
Ratings
Length
Year
Community
Subscriptions
Recent Discussions
Orange Saloon
Badges
Playlists
Quests
Create
Leaderboards
Showdown
Live 5
Trivia Bingo
Activity
Puzzle Library
Sporcle Events
Private Events
Virtual Trivia
Globe League
Become a Host
Pub Owners
SporcleCon
Opinionation
Our Games
Videos
Blog
Mobile Apps
Partnerships
Remove Ads and Go Orange
Feedback
Movies
Disney
Marvel Cinematic Universe
Movie Resume
Movie Titles
Oscar
Actor
Actress
Director
Pixar
Role
Movie Quotes
Movie Characters
Box Office
Nominee
Best Picture
Star Wars
James Bond
Horror Movies
Movies
Disney
Marvel Cinematic Universe
Movie Resume
Movie Titles
Oscar
Actor
Actress
Director
Pixar
Role
Movie Quotes
Movie Characters
Box Office
Nominee
Best Picture
Star Wars
James Bond
Horror Movies
Random Quiz
Search Sporcle
×
Quiz Lab
Quiz Lab
Movies
moment
Type in answers that appear in a list
Type in answers that appear in a list
Classic
Best Score? Go Orange.
What's the film where... Stats
Can you name the films where these iconic moments occur?
By
Tangocow
5m
13 Questions
100 Plays
100 Plays
100 Plays
Comments
Comments
Give Quiz Kudos
Give Quiz Kudos
-
- Ratings
hide this ad
Replay
Link that replays current quiz
Next Quiz
Link to next quiz in quiz playlist
You Got
0%
They Got
Avg Score
32%
Avg Friend Score
Upgrade to see
Score Distribution
Jump to the score distribution portion of the page
Score
0/13
Timer
05:00
0
Plays Today
What's the film where...
% Correct
...Marilyn Monroe's dress blows up an air vent?
The Seven Year Itch (1955)
93%
...the drag queen eats dog poo?
Pink Flamingos (1972)
52%
...Charlie Chaplin does a dance with bread rolls?
The Gold Rush (1925)
50%
...Harold Lloyd hangs off a clock face?
Safety Last (1923)
46%
...Alan Ladd says 'A man's gotta do what a man's gotta do'?
Shane (1953)
41%
...James Cagney squeezes a grapefruit in Mae Clarke's face?
The Public Enemy (1931)
30%
...Gene Kelly dances with Jerry the Mouse?
Anchors Aweigh (1945)
29%
...Paul Henreid lights two cigarettes in his mouth and gives one to Bette Davis?
Now, Voyager (1942)
28%
...Mae West says 'Why don't you come up and see me?'
She Done Him Wrong (1933)
19%
...the house falls on Buster Keaton?
Steamboat Bill Jr. (1928)
17%
...the atom bomb is in a box?
Kiss Me Deadly (1955)
9%
...the Carpenters' life story is retold using Barbie Dolls?
Superstar: The Karen Carpenter Story (1988)
7%
...Laurel and Hardy's car gets sawn in half?
Busy Bodies (1933)
1%
Quiz Playlist
Details
Report
Send in Message
Add To Playlist
Classic:
Type in answers that appear in a list
Last Updated: Feb 16, 2017
Quiz Scoreboard
CHALLENGE
Sign Up to Join the Scoreboard
Show All
Scores
Hide
Comments
May contain spoilers
Recently Published
College Basketball Coaching Resumes
by pancakes188
Sports
9m
Billboard Blitz: Fleetwood Mac
by CooCooCachoo
Music
15s
Presidents Visiting Landmarks
by Hejman
History
7m
More to Explore
Quiz From the Vault
Featured Blog Post
Where Did the Easter Bunny Come From?
hide this ad
You Might Also Like...
Tags
iconic
moment
Today's Top Quizzes in Movies
Browse Movies
hide this ad
Today's Top Quizzes in moment
Browse moment
Top Contributed Quizzes in Movies
1
Pick 5 Posters: Directed by Spielberg
2
7-to-1: Pixar Characters
3
Pick 5 Posters: Lowest-Rated Spielberg
4
Pick 5 Posters: Directed by Scorsese
5
Sorting Actors
6
Sorting Actresses
7
Pick 5 Posters: Star & Director
8
Pick 5 Posters: Women Directed 2020s
9
12 Movies about Fictional 1960s Events
10
Multi-Oscar Nominations, One Movie, One Winner
Explore More
Trending Topics
Anime
Disney
Marvel
NBA
Kpop
Harry Potter
Crossword
Puzzle
Song
WWE
Pokémon
The Office
NFL
Soccer
Country
hide this ad
More By:
Tangocow
Quiz
Plays
Rating
Category
Featured
Created
World's 50 Best Restaurant Countries
131,536
4.43
Geography
Sep 30, 2014
UK Cities/Towns and Their Rivers
6,890
4.25
Geography
Aug 15, 2013
Rhymes with 'Oil'
2,137
4.11
Language
Mar 10, 2014
Most Popular Desert Island Discs Artists
1,971
4.71
Music
Sep 23, 2014
Empire's 300 Greatest Films (2014)
1,558
4.08
Movies
May 28, 2014
Go to Creator's Profile
Score Distribution
Quiz Creator Spotlight
Tangocow
Follow
Send a Message
Quizzes Created
-
Created Quiz Play Count
-
More By This Creator
Popular Quizzes Today
1
Find the US States - No Outlines Minefield
2
Find the Countries of Europe - No Outlines Minefield
3
The Countries of the World
4
Find the US States
5
Risky Map Clicking: Biggest States A-Z
6
US States
7
Popular People in 1961
8
Movies - When Are They Set?
More Movies Quizzes
25 Years of 'Q', 'X', 'Y' & 'Z' Movies
Published
Trending Quizzes
Risky Map Clicking: Least Populous States A-Z
1-10 Letter G Words
1-10 Letter F Words
Risky Map Clicking: Next State Alphabetically
Click the Washington State Counties! (Map)
Recently Updated
Leaping Animals
pecheneg
Reality TV Shows (A-Z)
bhenderson79
Rickey Henderson's Hall of Fame Teammates
pecheneg
Champions League XIs: Arsenal
pecheneg
Quick Pick: Celebrities in WWE's Hall of Fame
aduchscher
A-Z Keypad Blitz II
pecheneg
Multiple Oscar Actors
pecheneg
Mystery Phrase Blitz: Oscar 'Best Actors'
pecheneg
F. Scott Fitzgerald Novels
LTH
Pick 3 Villains
ddd62291
Trending Topics
Harry Potter
Anime
NBA
Disney
Crossword
Marvel
Kpop
Song
The Office
Country
Soccer
NFL
Puzzle
Pokémon
WWE
Your Account Isn't Verified!
In order to create a playlist on Sporcle, you need to verify the email address you used during registration. Go to your
Sporcle Settings
to finish the process.
Report this User
Report this user for behavior that violates our
Community Guidelines
.
Details:
Send Report
Go to the Sporcle.com Mobile Site →
Comments